000 00672nam a2200145 a 4500
008 120416s1977 ||||||||||||||||| || u
050 _aHG 3881 Coh
100 _aCohen, Benjamin J
245 1 0 _aOrganizing the world's money
246 _athe political economy of international monetary relations
260 _aLondon
_bMacmillan
_c1977
350 _a0.00
995 _D0.00
_FCBU-MAIN LIBRARY (Kitwe)
_H2
_I0.00
_M2
_UAVAILABLE
_ZAnnex Low-Usage Collection
995 _D0.00
_FCBU-MAIN LIBRARY (Kitwe)
_H1
_I0.00
_M1
_UAVAILABLE
_ZAnnex Low-Usage Collection
999 _c81691
_d81691